[Event "Novy Smokovec"]
[Site "Novy Smokovec"]
[Date "1971.??.??"]
[Round "4"]
[White "Privara, Igor"]
[Black "Novak, Ivan"]
[Result "0-1"]
[WhiteElo "2200"]
[BlackElo "2200"]

1.e4 d6 2.d4 Nf6 3.Nc3 e5 4.dxe5 dxe5 5.Qxd8+ Kxd8 6.Bg5 Be6 7.O-O-O+ Nd7
8.Nf3 Bd6 9.Nd2 h6 10.Bxf6+ gxf6 11.Nc4 Ke7 12.Ne3 c6 13.Bc4 Bc5 14.Bxe6 Bxe3+
15.fxe3 fxe6 16.Rhf1 Rhg8 17.Rf2 b5 18.a3 a5 19.b3 Ra7 20.Rdf1 Rg6 21.Nb1 a4
22.Kb2 Nc5 23.Re2 Nxe4 24.Nd2 Nd6 25.e4 Ra8 26.Rf3 Rag8 27.g3 Ra8 28.Rc3 Kd7
29.Ree3 Kc7 30.Re2 Kb6 31.Rf3 c5 32.Ref2 f5 33.Re3 Re8 34.Re1 Rg4 35.Rfe2 f4
36.gxf4 exf4 37.e5 Nf5 38.bxa4 bxa4 39.Re4 Ne7 40.Rxa4 Rf8 41.Nc4+ Kc6 42.Ra6+ Kb5
43.Rxe6 Kxc4 44.Rxe7 f3 45.Rd7 f2 46.Rf1 Rg1 47.Rdd1 Rxf1 48.Rxf1 Kd4  0-1

[Event "Rubinstein mem"]
[Site "Polanica Zdroj"]
[Date "1971.??.??"]
[Round "14"]
[White "Pfleger, Helmut"]
[Black "Espig, Lutz"]
[Result "0-1"]
[WhiteElo "2515"]
[BlackElo "2460"]

1.d4 d6 2.e4 Nf6 3.Nc3 e5 4.Nf3 Nbd7 5.Bc4 Be7 6.O-O O-O 7.Re1 c6 8.Bb3 Qc7
9.Bg5 exd4 10.Nxd4 Nc5 11.Qf3 a5 12.a3 Nxb3 13.Nxb3 Ng4 14.Bf4 Ne5 15.Qg3 Bf6
16.Rad1 Qe7 17.h3 Rd8 18.Nd4 Bh4 19.Qh2 g6 20.Nf3 Nxf3+ 21.gxf3 Qe6 22.Kg2 Be7
23.Re2 a4 24.Red2 Ra5 25.e5 d5 26.Qg3 Re8 27.h4 Bf8 28.Re2 Bg7 29.Rd4 b5
30.Rd1 Bb7 31.Bg5 Raa8 32.Rde1 Qf5 33.Bf6 Bf8 34.Rd2 b4 35.Ne2 bxa3 36.Nd4 Qd7
37.bxa3 c5 38.Ne2 Ra6 39.c3 Rb6 40.Red1 Rb3 41.Rd3 d4 42.cxd4 Rxd3 43.Rxd3 Ba6
44.Rd2 Bxe2 45.Rxe2 cxd4 46.f4 Rb8 47.h5 Rb3 48.f3 Qf5 49.hxg6 fxg6 50.Qg4 d3
51.Re4 Rxa3 52.Rd4 Bc5 53.Rd7 Ra2+ 54.Kg3 Re2 55.Rxd3 a3 56.Rd8+ Kf7 57.e6+ Rxe6
58.Rd7+ Be7 59.Be5 Ra6 60.Rb7 Ke6 61.Rb1 h5 62.Qxf5+ Kxf5 63.Rb7 Ke6 64.Rb8 Bf6  0-1

[Event "Skopje ol (Men) fin-B"]
[Site "Skopje"]
[Date "1972.??.??"]
[Round "14"]
[White "Turalakay"]
[Black "Trikaliotis, Georgios"]
[Result "1-0"]
[WhiteElo "2200"]
[BlackElo "2200"]

1.d4 Nf6 2.Nc3 d6 3.e4 Nbd7 4.Nf3 e5 5.Be2 Be7 6.O-O c6 7.a4 a5 8.h3 O-O
9.Bg5 Re8 10.dxe5 dxe5 11.Qd2 Qc7 12.Bc4 Nf8 13.Bxf6 Bxf6 14.Nd1 Be6 15.Ne3 Red8
16.Qc3 Bxc4 17.Qxc4 Ne6 18.Ra3 h5 19.g3 Qe7 20.Rd3 Nd4 21.Kg2 Nxf3 22.Kxf3 Bg5
23.Nf5 Qb4 24.Qxb4 axb4 25.h4 Bf6 26.Rxd8+ Rxd8 27.Ke2 g6 28.Ne3 Rd4 29.Rd1 b3
30.c4 Be7 31.Rxd4 exd4 32.Nd1 Bb4 33.f4 c5 34.Nf2 b6 35.Nd3 Ba5 36.Kd1 Kf8
37.Nc1 Bc3 38.bxc3 b2 39.Kc2 bxc1=Q+ 40.Kxc1 dxc3 41.Kc2 Ke7 42.Kxc3 Ke6
43.Kb3 Kd6 44.a5 bxa5 45.Ka4 f6 46.Kxa5 Kc6  1-0

[Event "CSR-ch"]
[Site "Trinec"]
[Date "1972.??.??"]
[Round "1"]
[White "Kupka, Slavoj"]
[Black "Novak, Ivan"]
[Result "1-0"]
[WhiteElo "2375"]
[BlackElo "2200"]

1.e4 d6 2.d4 Nf6 3.Nc3 e5 4.Nf3 Nbd7 5.Bc4 Be7 6.O-O O-O 7.a4 c6 8.Ba2 b6
9.Re1 Qc7 10.Bg5 Bb7 11.Nh4 exd4 12.Qxd4 h6 13.Nf5 Ne5 14.Bxf6 Bxf6 15.Qxd6 Qxd6
16.Nxd6 Ba6 17.f4 Ng6 18.e5 Be7 19.g3 Rad8 20.Nce4 Bc8 21.a5 b5 22.Rad1 Bg4
23.Rd3 Rd7 24.Nc5 Rdd8 25.Nce4 Rd7 26.Kg2 Bd8 27.b4 Re7 28.h3 Be6 29.Bxe6 fxe6
30.Rc3  1-0

[Event "Netanya-B"]
[Site "Netanya"]
[Date "1973.??.??"]
[Round "1"]
[White "Cnaan, Moshe"]
[Black "Bobis, L."]
[Result "1/2-1/2"]
[WhiteElo "2200"]
[BlackElo "2200"]

1.e4 d6 2.d4 Nf6 3.Nc3 Nbd7 4.f4 e5 5.Nf3 exd4 6.Qxd4 Nc5 7.b4 Ncxe4 8.Nxe4 Qe7
9.Bb5+ c6 10.O-O Nxe4 11.Re1 f5 12.Ng5 d5 13.Qxd5 Bd7 14.Qd3 cxb5 15.Nxe4 O-O-O
16.Qc3+ Bc6 17.Nc5 Qf7 18.Be3 Bxc5 19.Qxc5 Qd5 20.Qxd5 Rxd5 21.Rad1 Re8 22.Kf2 b6
23.g3 Red8 24.Rxd5 Rxd5 25.c3 Rd7 26.Bd4 Be4 27.a3 Kb7 28.Re2 Kc6 29.Rd2 a5
30.Ke3 a4 31.Kf2 g6 32.Ke3 Bb1 33.Rb2 Be4 34.Rd2 Bh1 35.Rd1 Bg2 36.Rd2 Bf1
37.Rd1 Bc4 38.Rd2 Be6 39.Rd1  1/2-1/2

[Event "DSV-Turnier"]
[Site "Halle"]
[Date "1974.??.??"]
[Round "?"]
[White "Ciocaltea, Victor"]
[Black "Moehring, Guenther"]
[Result "1-0"]
[WhiteElo "2470"]
[BlackElo "2450"]

1.e4 d6 2.d4 Nf6 3.Nc3 e5 4.Nf3 Nbd7 5.Bc4 Be7 6.O-O O-O 7.a4 c6 8.Ba2 exd4
9.Nxd4 Nc5 10.Re1 a5 11.h3 Re8 12.Qf3 Bf8 13.Bg5 Ne6 14.Nxe6 Bxe6 15.e5 Bxa2
16.exf6 Be6 17.fxg7 Be7 18.Bxe7 Qxe7 19.Ne4 f5 20.Ng3 Qxg7 21.Qf4 Rad8 22.Nh5 Qg6
23.Qh4 Bd5 24.Nf4 Qf7 25.Re3 Rxe3 26.Qxd8+ Re8 27.Qxd6 Qe7 28.Qh6 Qg7 29.Qxg7+ Kxg7
30.Nxd5 cxd5 31.Rd1 f4 32.Rxd5 Re1+ 33.Kh2 Re2 34.f3 Rxc2 35.Rxa5 Rxb2 36.Rb5 Ra2
37.Rb4 Kf6 38.Rxf4+ Ke5 39.Rb4 b6 40.Rxb6 Rxa4 41.Rb7 Rh4 42.Rb5+ Kd6 43.g4 Kc6
44.Ra5 Kd7 45.Ra6  1-0

[Event "Oslo CI"]
[Site "Oslo"]
[Date "1974.??.??"]
[Round "1"]
[White "Hoen, Ragnar"]
[Black "Vinje Gulbrandsen, Arne"]
[Result "1-0"]
[WhiteElo "2385"]
[BlackElo "2335"]

1.e4 d6 2.d4 Nf6 3.Nc3 Nbd7 4.f4 e5 5.fxe5 dxe5 6.dxe5 Nxe5 7.Qxd8+ Kxd8
8.Bg5 Be7 9.Nf3 Nfd7 10.Nxe5 Nxe5 11.O-O-O+ Bd7 12.Bf4 f6 13.Be2 Bd6 14.g3 Bh3
15.Bxe5 fxe5 16.g4 h5 17.gxh5 Rh7 18.Rhg1 Be6 19.Nb5 Ke7 20.Nxd6 cxd6 21.Rg5 Rf8
22.c4 Rf2 23.Rd2 b6 24.b4 Bf7 25.h4 Rf4 26.c5 dxc5 27.bxc5 Rxe4 28.c6 Be6
29.c7 Re3 30.Rc2 Bc8 31.Kd2 Re4 32.Bd3 Rd4 33.Rxe5+ Kd6 34.Re8 Ba6 35.Rd8+  1-0

[Event "Rimavska Sobota"]
[Site "Rimavska Sobota"]
[Date "1974.??.??"]
[Round "2"]
[White "Banas, Jan"]
[Black "Braun, Gottfried"]
[Result "1/2-1/2"]
[WhiteElo "2325"]
[BlackElo "2400"]

1.e4 d6 2.d4 Nf6 3.Nc3 e5 4.Nf3 exd4 5.Nxd4 Be7 6.Bf4 O-O 7.Qd2 Nc6 8.O-O-O Nxd4
9.Qxd4 Be6 10.f3 Nd7 11.Kb1 Bf6 12.Qe3 a6 13.g4 Qe8 14.g5 Be5 15.Bg3 Nb6
16.Be1 f5 17.Nd5 f4 18.Qd2 Bxd5 19.exd5 Na4 20.c3 b5 21.Qc2 Qh5 22.Bd3 Nc5
23.h4 Nxd3 24.Qxd3 Qf7 25.Bf2 Qf5 26.Qxf5 Rxf5 27.Rhe1 h6 28.gxh6 gxh6 29.Bd4 Re8
30.Kc2 Rh5 31.Bxe5 Rexe5 32.Rg1+ Kf8 33.Rg4 Rxd5 34.Rxd5 Rxd5 35.Rxf4+ Ke7
36.Rg4 Kf6 37.Rg8 a5 38.Rc8 Rc5 39.Rh8 Rh5 40.Rc8 Rc5 41.Kd3 Ke6 42.Rg8 Rh5
43.Rg4 c5 44.a4 bxa4 45.Rxa4 Kd7 46.Ke3 Kc6 47.Rg4 d5 48.f4 Kb5 49.Kf3 a4
50.Kg3 d4 51.cxd4 cxd4 52.f5 Rxf5 53.Rxd4 h5 54.Re4 Rc5 55.Rd4 Rc2 56.Rd8 Kb4
57.Rb8+ Kc4 58.Ra8 Kb3 59.Rb8+ Ka2 60.Rb4 Rc5 61.Rxa4+ Kxb2 62.Kf4 Kc3 63.Re4 Kd3
64.Re8 Rd5 65.Rf8 Kc4 66.Rc8+ Kd3 67.Rg8 Kc4 68.Rg3 Kd4 69.Rg5 Kc4 70.Rg1 Kd3  1/2-1/2

[Event "Rimavska Sobota"]
[Site "Rimavska Sobota"]
[Date "1974.??.??"]
[Round "4"]
[White "Timoshchenko, Gennadi A"]
[Black "Braun, Gottfried"]
[Result "1/2-1/2"]
[WhiteElo "2425"]
[BlackElo "2400"]

1.e4 d6 2.d4 Nf6 3.Nc3 e5 4.Nf3 exd4 5.Nxd4 Be7 6.Bf4 O-O 7.Qd2 Nc6 8.O-O-O Nxd4
9.Qxd4 Be6 10.Bc4 Ng4 11.Nd5 Bf6 12.Qd2 b5 13.Nxf6+ Qxf6 14.Bd5 Bxd5 15.exd5 Rfe8
16.Rhe1 Qf5 17.Rxe8+ Rxe8 18.f3 Ne5  1/2-1/2

[Event "Rimavska Sobota"]
[Site "Rimavska Sobota"]
[Date "1974.??.??"]
[Round "11"]
[White "Blatny, Frantisek"]
[Black "Braun, Gottfried"]
[Result "1/2-1/2"]
[WhiteElo "2345"]
[BlackElo "2400"]

1.e4 d6 2.d4 Nf6 3.Nc3 e5 4.dxe5 dxe5 5.Qxd8+ Kxd8 6.Bc4 Be6 7.Bxe6 fxe6
8.Bd2 Nc6 9.f3 a6 10.O-O-O Bd6 11.Nh3 Ke7 12.Rhf1 Na5 13.Nf2 Nc4 14.Nd3 Rhf8
15.b3 Nxd2 16.Rxd2 Nd7 17.Rfd1 Rad8 18.Ne2 Nc5 19.Nxc5 Bxc5 20.Rxd8 Ba3+
21.Kb1 Rxd8 22.Rxd8 Kxd8 23.c3 a5 24.Kc2 Kd7 25.Kd3 Kc6 26.Kc2 Kd6 27.Ng3 g6
28.Nf1 b5 29.Kd3 Bc1 30.a4 bxa4 31.bxa4 Kc5 32.h3 h5 33.Ng3 Bg5 34.Nh1 Bh4
35.g3 Bg5 36.Nf2 c6 37.Nd1 Bd8 38.Ne3 g5 39.Nc4 Bc7 40.Nd2 Bd8 41.Kc2 Bb6
42.Kb2 Bd8 43.Kb3 Bb6 44.Nc4 Bc7 45.Nb2 Bd8 46.Nd3+ Kd6 47.Kc4 Bb6 48.Kb3 Bd8
49.Kc2 Bb6 50.Kd2 Bd8 51.Ke2 h4 52.Kf2 Bb6+ 53.Kg2 Be3 54.c4 Bd4 55.gxh4 gxh4
56.f4 exf4 57.Kf3 e5 58.Kg4 Ke6 59.Kxh4 Kf6 60.Kg4 c5 61.Ne1 Kg6 62.Nf3 Bc3
63.Nh4+ Kf6 64.Kh5 Be1 65.Nf3 Bc3 66.Kh6 Bd4 67.Kh7 Kf7 68.h4 Kf6 69.h5 Kf7
70.h6 Bc3 71.Ng5+ Kf6 72.Kg8 Kxg5 73.h7 f3 74.h8=Q Kf4 75.Qh6+ Kxe4 76.Kf7 Kd3
77.Qc1 f2 78.Qf1+ Ke3 79.Ke6 Bd4 80.Qd1 Kf4 81.Kd5 e4 82.Qh1 e3 83.Qg2 e2
84.Qe4+ Kg3  1/2-1/2

[Event "Rimavska Sobota"]
[Site "Rimavska Sobota"]
[Date "1974.??.??"]
[Round "13"]
[White "Kluger, Gyula"]
[Black "Braun, Gottfried"]
[Result "1-0"]
[WhiteElo "2370"]
[BlackElo "2400"]

1.d4 d6 2.e4 Nf6 3.Nc3 e5 4.dxe5 dxe5 5.Qxd8+ Kxd8 6.Bc4 Be6 7.Bxe6 fxe6
8.Bd2 Nc6 9.O-O-O Bd6 10.f3 a6 11.Nh3 Ke8 12.Be3 Na5 13.b3 Ba3+ 14.Kb1 b5
15.Nf2 Nd7 16.Rd2 Rb8 17.Rhd1 Bd6 18.Ne2 h6 19.Nc1 Ke7 20.Ng4 Rhd8 21.c3 Nc6
22.h4 a5 23.Bf2 h5 24.Ne3 Ra8 25.Nc2 Ra6 26.Nd3 Rda8 27.Rc1 Ke8 28.Rg1 Kf7
29.Be3 Kg8 30.g4 hxg4 31.Rxg4 Nf6 32.Rg5 Rf8 33.Rdg2 Rf7 34.h5 Kh7 35.Nc5 Bxc5
36.Bxc5 Ra8 37.Be3 Ng8 38.Ne1 Rd8 39.Kc2 b4 40.c4 Rfd7 41.Nd3 Rf7 42.R2g3 Rfd7
43.Nc5 Re7 44.Rg6 Rde8 45.Kd3 Rd8+ 46.Ke2 Rde8 47.Kf2 Nd8 48.Bg5 Nf6 49.Bxf6 gxf6
50.Rxf6 Rg7 51.Rfg6 Rxg6 52.Rxg6 Re7 53.Kg3 Re8 54.Kg4 Re7 55.Kg5 Rf7 56.Nxe6 Nc6
57.Kg4 Kh8 58.Ng5 Rf4+ 59.Kg3 Nd4 60.Rh6+ Kg7 61.Rg6+ Kh8 62.Ra6 Ne2+ 63.Kf2 Nc1
64.Rxa5 Rf6 65.Ke3 Kg7 66.Kd2 Nxa2 67.Rxa2 Kh6 68.Ra5 Kxg5 69.Rxe5+ Kh6 70.Rf5 Ra6
71.c5  1-0

[Event "URS-chT"]
[Site "Riga"]
[Date "1975.??.??"]
[Round "?"]
[White "Kaiumov, Dmitry D"]
[Black "Chebanenko, Vecheslav"]
[Result "1-0"]
[WhiteElo "2200"]
[BlackElo "2410"]

1.e4 d6 2.d4 Nf6 3.Nc3 c6 4.Nf3 Bg4 5.Be2 e6 6.O-O Be7 7.e5 dxe5 8.dxe5 Qxd1
9.Bxd1 Nd5 10.Nd4 Bxd1 11.Nxd1 Nd7 12.Nf3 O-O 13.Bd2 Rfd8 14.a3 a5 15.Re1 h6
16.h4 Nc5 17.g3 Rd7 18.b3 Rdd8 19.Nb2 Bf8 20.Nc4 a4 21.b4 Na6 22.Na5 Rd7
23.c4 Ne7 24.Be3 c5 25.bxc5 Nb8 26.c6 Nbxc6 27.Nxc6 Nxc6 28.Kf1 Na5 29.Nd2 Rd3
30.Ke2 Rad8 31.Red1 R8d7 32.c5 R7d5 33.f4 Rc3 34.Rdc1 Rcd3 35.Ne4 Nb3 36.Rd1 Nxa1
37.Rxd3 Nb3 38.Rc3 Na5 39.Rc2 Be7 40.Nc3 Rd8 41.Nxa4 Kf8 42.Nb6 f6 43.exf6 Bxf6
44.Nc4 Nc6 45.Rd2 Ra8 46.Rd7 Ra4 47.Kd3 Ke8 48.Rc7 Kd8 49.Rc8+ Kxc8 50.Nb6+ Kc7
51.Nxa4 h5 52.Nb6 Ne7 53.a4 Nf5 54.Bf2 Kc6 55.Nc4 Kc7 56.Ke4 Kc6 57.Ne5+ Kc7
58.Ng6 Kd7 59.Kd3 Kc6 60.Ke4 Kd7 61.a5 Bc3 62.Nf8+ Ke7 63.Ng6+ Kd7 64.Ne5+ Kc7
65.Nc4 Ba1 66.Ne5 Bc3 67.Ng6 Kd7 68.Ne5+ Kc7 69.Nc4 Ba1 70.Nd2 Bc3 71.Nb3 Kd7
72.Kd3 Bf6 73.Nd2 Bd8 74.Nb3 Kc6 75.Ke4 Bf6 76.Nd4+ Bxd4 77.Bxd4 Kd7 78.Bf2 Ne7
79.Kf3 Nc6 80.Be1 Nd4+ 81.Ke4 Nf5 82.Ke5 Ne7 83.f5 Nxf5 84.c6+ bxc6 85.a6 Nd6
86.a7 Nc4+ 87.Kf4 Nb6 88.Bf2 Na8 89.Bc5 Nc7 90.Kg5 e5 91.Kxh5 Ke6 92.Kg6 Kd5
93.Bb6 Na8 94.Ba5  1-0

[Event "URS-chT"]
[Site "Riga"]
[Date "1975.??.??"]
[Round "?"]
[White "Golovey, Tamara O"]
[Black "Saakova, A."]
[Result "0-1"]
[WhiteElo "2000"]
[BlackElo "2000"]

1.e4 d6 2.d4 c6 3.Nc3 Nf6 4.f4 Qa5 5.Bd3 e5 6.dxe5 dxe5 7.f5 Nbd7 8.Bd2 Nc5
9.Nd5 Nxd3+ 10.cxd3 Qd8 11.Nxf6+ Qxf6 12.Nf3 Qd6 13.Bc3 f6 14.d4 exd4 15.Nxd4 Qf4
16.Qe2 Bd6 17.g3 Qh6 18.O-O Bd7 19.Kg2 O-O-O 20.Bd2 g5 21.h4 Rhe8 22.Qg4 Qg7
23.hxg5 fxg5 24.Nf3 Qxb2 25.Rfc1 h5 26.Qxg5 Rg8 27.Qe3 Rxg3+ 28.Kf2 Qg7 29.Qxa7 Rg2+
30.Ke3 Bb8 31.Qb6 Bf4+  0-1

[Event "URS-chT"]
[Site "Riga"]
[Date "1975.??.??"]
[Round "?"]
[White "Dydyshko, Viacheslav"]
[Black "Chebanenko, Vecheslav"]
[Result "1-0"]
[WhiteElo "2395"]
[BlackElo "2410"]

1.d4 d6 2.e4 Nf6 3.Nc3 c6 4.f3 b5 5.Be3 Nbd7 6.Qd2 Bb7 7.Nh3 e5 8.Bd3 Be7
9.a4 b4 10.Ne2 d5 11.exd5 Nxd5 12.Bf2 O-O 13.a5 c5 14.dxc5 Nxc5 15.Bc4 Nf6
16.Qxd8 Raxd8 17.O-O a6 18.Rad1 h6 19.Ng3 g6 20.Rfe1 Rxd1 21.Rxd1 Rc8 22.b3 Ncd7
23.Kf1 Bc5 24.Be1 Nb8 25.Nf2 Be7 26.Nge4 Nxe4 27.Nxe4 Kf8 28.Nd6 Rd8 29.Bxb4 Ba8
30.Bc5 Nc6 31.b4 Nd4 32.Nxf7 Rc8 33.Nxe5 Bxc5 34.bxc5 Nxc2 35.Kf2 Kg7 36.Rd7+ Kf6
37.f4  1-0

[Event "URS-chT"]
[Site "Riga"]
[Date "1975.??.??"]
[Round "?"]
[White "Listergarten, Leonid B"]
[Black "Chebanenko, Vecheslav"]
[Result "0-1"]
[WhiteElo "2315"]
[BlackElo "2410"]

1.e4 d6 2.d4 Nf6 3.Nc3 c6 4.Qf3 e5 5.dxe5 dxe5 6.Qg3 Nbd7 7.Nf3 Nh5 8.Qg5 Qxg5
9.Bxg5 Bb4 10.Bd2 O-O 11.a3 Bd6 12.O-O-O Be7 13.Bc4 Nhf6 14.h3 b5 15.Ba2 a5
16.Nh4 Nc5 17.Nf5 Bxf5 18.exf5 b4 19.Nb1 Rfb8 20.Be3 Nfd7 21.g4 Rb7 22.g5 Kf8
23.f6 gxf6 24.gxf6 Nxf6 25.Rhg1 Rab8 26.axb4 Rxb4 27.Bh6+ Ke8 28.Rg7 Ne6
29.Bxe6 fxe6 30.Nc3 Bf8 31.Rdg1 Bxg7 32.Rxg7 R8b7 33.Rg5 Rh4 34.Bg7 Rf7 35.Bh8 Nd7
36.Rg2 Rf8 37.Bg7 Rg8 38.Rg5 Kf7  0-1

[Event "URS-chT"]
[Site "Riga"]
[Date "1975.??.??"]
[Round "?"]
[White "Matveeva, I."]
[Black "Agababian, Naira"]
[Result "0-1"]
[WhiteElo "2040"]
[BlackElo "2000"]

1.e4 d6 2.d4 Nf6 3.Nc3 c6 4.Be2 g6 5.Nf3 Bg4 6.Be3 Bg7 7.Qd2 Bxf3 8.Bxf3 e6
9.h4 h5 10.Bg5 Qa5 11.b4 Qc7 12.O-O Nbd7 13.Rad1 Nb6 14.b5 Nc4 15.Qe2 Nb6
16.a4 O-O 17.a5 Nbd7 18.a6 Nh7 19.axb7 Rab8 20.e5 Nxg5 21.hxg5 d5 22.bxc6 Qxc6
23.Nb5 Qxb7 24.Nd6 Qc7 25.g4 hxg4 26.Bxg4 Rb2 27.Rd2 Nb6 28.Nb5 Qe7 29.Nd6 Qxg5
30.f4 Qh4 31.Rd3 Rd8 32.Rh3 Qe7 33.Rd1 Rxd6 34.exd6 Qxd6 35.Qh2 Qc7 36.Rd2 Nc4
37.Rdd3 Nd6 38.Rd2 Ne4 39.Rhd3 Nxd2 40.Rxd2 Qc3 41.Qf2 Rb4 42.Rd3 Qxd3  0-1

[Event "Tbilisi Interzonal (Women)"]
[Site "Tbilisi"]
[Date "1976.??.??"]
[Round "3"]
[White "Kaufman, Orly"]
[Black "Vujosevic, Smilja"]
[Result "1-0"]
[WhiteElo "2000"]
[BlackElo "2120"]

1.e4 d6 2.d4 Nf6 3.Nc3 Nbd7 4.Nf3 c5 5.Bc4 cxd4 6.Qxd4 a6 7.O-O e6 8.Ng5 Ne5
9.Bb3 h6 10.Nh3 Be7 11.Kh1 O-O 12.f4 Nc6 13.Qd3 Qa5 14.Bd2 Qc7 15.Rad1 b5
16.a3 Na5 17.Qg3 Nxb3 18.cxb3 Bb7 19.f5 Kh8 20.fxe6 fxe6 21.Nf4 Rf7 22.Qg6 Bf8
23.Nxe6 Qe7 24.Nd4 Ra7 25.Nf5 Qe6 26.Be3 Ra8 27.Bd4 Rc8 28.Nxh6 Rcc7 29.Rd3 gxh6
30.Rxf6 Bg7 31.Rxe6  1-0

[Event "Favorite"]
[Site "Hamburg"]
[Date "1977.??.??"]
[Round "8"]
[White "Kurajica, Bojan"]
[Black "Rellstab, Ludwig Jr"]
[Result "1-0"]
[WhiteElo "2530"]
[BlackElo "2265"]

1.e4 d6 2.d4 Nf6 3.Nc3 c6 4.f4 g6 5.Nf3 Bg7 6.Bd3 a6 7.h3 b5 8.e5 Nd5 9.Nxd5 cxd5
10.O-O Nc6 11.Qe1 e6 12.Bd2 Qb6 13.c3 O-O 14.Kh1 f6 15.exf6 Bxf6 16.Qg3 Ra7
17.Rae1 Raf7 18.f5 exf5 19.Qxd6 Rd7 20.Qg3 Re7 21.h4 Rxe1 22.Rxe1 Qd8 23.h5 Kg7
24.Qf4 Ne7 25.Qh6+ Kg8 26.Ng5 Bxg5 27.Bxg5 Rf7 28.hxg6 hxg6 29.Rxe7  1-0

[Event "Santos Lugares"]
[Site "Santos Lugares"]
[Date "1977.??.??"]
[Round "5"]
[White "Rios, Alb"]
[Black "Guimard, Carlos E"]
[Result "0-1"]
[WhiteElo "2200"]
[BlackElo "2410"]

1.e4 d6 2.d4 Nf6 3.Nc3 Nbd7 4.f4 e5 5.fxe5 dxe5 6.dxe5 Nxe5 7.Qxd8+ Kxd8
8.Bg5 c6 9.O-O-O+ Ke8 10.Nf3 Nxf3 11.gxf3 h6 12.Bh4 Be6 13.Bf2 Nd7 14.Be2 g5
15.Bd4 Rg8 16.Kb1 Bc5 17.Na4 Bxd4 18.Rxd4 b5 19.Nc3 Ne5 20.b3 Ke7 21.Rf1 Rad8
22.Rxd8 Rxd8 23.Kc1 Bh3 24.Rf2 Rd6 25.f4 Rf6 26.f5 Rd6 27.Bxb5 cxb5 28.Nxb5 Rd7
29.Nc3 f6 30.Nd5+ Kf7 31.Kd2 h5 32.c4 h4 33.Kc3 g4 34.Rb2 g3 35.hxg3 hxg3
36.Nf4 a5 37.Nxh3 Rd3+ 38.Kc2 Rf3 39.Rb1 g2 40.Rg1 Rxh3 41.Rxg2 Rh4 42.Re2 Ke7
43.c5 Nf3 44.Kc3 Kd7 45.a3 Kc6 46.b4 a4 47.Re3 Ne5 48.Kd4 Rh2 49.b5+ Kxb5
50.Kd5 Rd2+ 51.Ke6 Kxc5 52.Rc3+ Kd4 53.Rc8 Kxe4 54.Ra8 Ng4 55.Rxa4+ Rd4 56.Ra8 Kf4
57.Ra5 Re4+ 58.Kd6 Ne3 59.Ra6 Kxf5 60.Kc5 Ke5 61.a4 f5 62.Ra8 Rc4+ 63.Kb5 Rc1
64.a5 Nd5 65.Re8+ Kd4 66.Rf8 Rc5+  0-1

[Event "Stary Smokovec"]
[Site "Stary Smokovec"]
[Date "1977.??.??"]
[Round "5"]
[White "Augustin, Josef"]
[Black "Lerner, Konstantin Z"]
[Result "0-1"]
[WhiteElo "2445"]
[BlackElo "2445"]

1.e4 d6 2.d4 Nf6 3.Nc3 Nbd7 4.Nf3 e5 5.Bc4 Be7 6.O-O O-O 7.a4 exd4 8.Nxd4 Re8
9.f3 Bf8 10.Bg5 c6 11.Qd2 h6 12.Be3 d5 13.exd5 Nb6 14.Bb3 cxd5 15.Rad1 Nc4
16.Bxc4 dxc4 17.Qf2 a6 18.Nde2 Qe7 19.Bb6 Bf5 20.Nf4 Qe5 21.Nfd5 Nxd5 22.Rxd5 Qf6
23.a5 Qg6 24.Rc1 Rac8 25.Ne2 Bxc2 26.Nf4 Qf6 27.Rxc2 Qxf4 28.Qd4 Qxd4+ 29.Rxd4 Bc5
30.Bxc5 Rxc5 31.b4 cxb3 32.Rxc5 Re1+ 33.Kf2 b2 34.Kxe1 b1=Q+ 35.Ke2 Qg1 36.Rc8+ Kh7
37.Rg4 f5 38.Rb4 Qxg2+ 39.Ke3 Qxh2 40.Rc5 Qg1+  0-1

[Event "Tatran Cup"]
[Site "Strbske Pleso"]
[Date "1978.??.??"]
[Round "8"]
[White "Franzen, Josef"]
[Black "Moehring, Guenther"]
[Result "1-0"]
[WhiteElo "2290"]
[BlackElo "2405"]

1.e4 d6 2.d4 Nf6 3.Nc3 Nbd7 4.Nf3 e5 5.Bc4 Be7 6.O-O O-O 7.Qe2 c6 8.a4 exd4
9.Nxd4 Re8 10.Ba2 Bf8 11.Qf3 Ne5 12.Qg3 Nh5 13.Qg5 Qxg5 14.Bxg5 h6 15.Be3 Nf6
16.Rfe1 Ng6 17.f3 a6 18.Rad1 Bd7 19.a5 Rad8 20.Kf2 c5 21.Nde2 Be6 22.Nd5 Bxd5
23.Bxd5 Nxd5 24.Rxd5 Ne7 25.Rd2 f5 26.Nc3 Nc6 27.exf5 Nxa5 28.b3 Nc6 29.Nd5 Nb4
30.Nc7 Re5 31.Ne6 Re8 32.g4 Be7 33.Bf4 Bh4+ 34.Bg3 Rxe1 35.Kxe1 Bf6 36.Kd1 c4
37.Rxd6 cxb3 38.cxb3 Nc6 39.h4 Nd8 40.Nc7 Rf8 41.Nd5 Nc6 42.Nxf6+ Rxf6 43.Rd3 Rf8
44.h5 Rd8 45.Rxd8+ Nxd8 46.Be5 Nc6 47.f4 b5 48.Kc2 a5 49.Kd3 a4 50.bxa4 bxa4
51.Bd6 Na5 52.g5 Nb7 53.Ba3 Na5 54.Kd4 Nb3+ 55.Kd5 Nd2 56.Ke6 Nf3 57.f6  1-0

[Event "Zamardi"]
[Site "Zamardi"]
[Date "1978.??.??"]
[Round "?"]
[White "Varasdy, Imre"]
[Black "Moehring, Guenther"]
[Result "1/2-1/2"]
[WhiteElo "2200"]
[BlackElo "2405"]

1.d4 Nf6 2.Nc3 d6 3.e4 Nbd7 4.Nf3 e5 5.Bc4 Be7 6.h3 c6 7.a4 O-O 8.dxe5 Nxe5
9.Nxe5 dxe5 10.O-O Qxd1 11.Rxd1 Bb4 12.f3 Bc5+ 13.Kh2 h6 14.a5  1/2-1/2

[Event "NLD-ch"]
[Site "Leeuwarden"]
[Date "1979.??.??"]
[Round "5"]
[White "Ligterink, Gert"]
[Black "Ree, Hans"]
[Result "1-0"]
[WhiteElo "2440"]
[BlackElo "2480"]

1.e4 d6 2.d4 Nf6 3.Nc3 e5 4.Nf3 Nbd7 5.Bc4 Be7 6.O-O c6 7.a4 Qc7 8.Qe2 O-O
9.a5 Rb8 10.d5 Ra8 11.h3 a6 12.Be3 h6 13.dxc6 bxc6 14.Nh4 Nxe4 15.Ng6 Re8
16.Nxe4 d5 17.Nxe7+ Rxe7 18.Bc5 Nxc5 19.Nxc5 dxc4 20.Qxc4 Be6 21.Qc3 Bd5
22.Rfd1 f5 23.Na4 Rd8 24.Qc5 Ree8 25.Qb6 Qe7 26.Nc3 Rb8 27.Qxa6 Rxb2 28.Nxd5 cxd5
29.Rxd5 Rxc2 30.Qd3 Rb2 31.a6 Qa7 32.Qe3 Qxe3 33.fxe3 Rbb8 34.a7 Ra8 35.Rd7 Kh7
36.Rb1 Rg8 37.Rbb7 Kg6 38.Rd6+ Kg5 39.Re6 e4 40.Kf2 h5 41.h4+ Kxh4 42.Rg6 Rgc8
43.Rbxg7  1-0

[Event "Lloyds Bank op"]
[Site "London"]
[Date "1979.??.??"]
[Round "1"]
[White "Watson, William N"]
[Black "Branicki, I."]
[Result "0-1"]
[WhiteElo "2265"]
[BlackElo "2200"]

1.e4 d6 2.d4 Nf6 3.Nc3 e5 4.dxe5 dxe5 5.Qxd8+ Kxd8 6.Bg5 Be6 7.Nf3 Nd7 8.O-O-O Kc8
9.Bxf6 gxf6 10.Nd5 c6 11.Ne3 Bh6 12.Kb1 Bxe3 13.fxe3 Rg8 14.g3 Bg4 15.Bg2 Nc5
16.Rde1 Kc7 17.Nh4 Rad8 18.Rhf1 Rd6 19.Rf2 Rgd8 20.b3 Rd1+ 21.Rxd1 Rxd1+
22.Kb2 Nd7 23.Bf3 Bxf3 24.Nxf3 Nc5 25.Nd2 b5 26.b4 Nd7 27.Nf3 Nb6 28.Nh4 Na4+
29.Ka3 Re1 30.Ng2 Rb1 31.c4 Rc1 32.Rb2 Nxb2  0-1

[Event "Lloyds Bank op"]
[Site "London"]
[Date "1979.??.??"]
[Round "4"]
[White "Hill, Christopher"]
[Black "Fiedler, W."]
[Result "1-0"]
[WhiteElo "2200"]
[BlackElo "2200"]

1.d4 Nf6 2.Nc3 d6 3.e4 Nbd7 4.f4 g6 5.Nf3 c6 6.Bd3 Bg7 7.O-O a6 8.a4 a5 9.f5 Qb6
10.Kh1 c5 11.e5 dxe5 12.dxe5 Ng4 13.Nd5 Qd8 14.e6 Nde5 15.Bb5+ Kf8 16.Nxe5 Nxe5
17.f6 Bxf6 18.Nxf6  1-0

[Event "Lloyds Bank op"]
[Site "London"]
[Date "1979.??.??"]
[Round "7"]
[White "Mayers, Dan E"]
[Black "Branicki, I."]
[Result "1-0"]
[WhiteElo "2200"]
[BlackElo "2200"]

1.e4 d6 2.d4 Nf6 3.Nc3 e5 4.Nf3 Nbd7 5.Bc4 h6 6.h3 Be7 7.Be3 c6 8.a4 a5 9.Qe2 Qc7
10.O-O-O Nf8 11.g4 Be6 12.g5 Nxe4 13.Nxe4 d5 14.Nf6+ gxf6 15.gxf6 Bxf6 16.dxe5 Bxe5
17.Nxe5 Qxe5 18.Qd2 Rg8 19.Bd3 h5 20.f4 Qc7 21.f5 Bd7 22.Bg5 f6 23.Bxf6 Kf7
24.Bh4 Qd6 25.Rde1 Re8 26.Kb1 c5 27.Rxe8 Bxe8 28.Re1 Nd7 29.Re6 Rg1+ 30.Ka2 Qf8
31.Qe3  1-0

[Event "DDR-ch 28th"]
[Site "Suhl"]
[Date "1979.??.??"]
[Round "10"]
[White "Espig, Thomas"]
[Black "Hesse, Peter"]
[Result "0-1"]
[WhiteElo "2320"]
[BlackElo "2420"]

1.e4 d6 2.d4 Nf6 3.Nc3 e5 4.Nf3 Nbd7 5.Bc4 Be7 6.O-O O-O 7.a4 c6 8.Qe2 Qc7
9.Ba2 b6 10.Be3 Rb8 11.Nh4 exd4 12.Bxd4 Nc5 13.f4 Ba6 14.Qf3 Bxf1 15.Rxf1 Ne6
16.Bf2 Rbe8 17.Nf5 Nc5 18.b4 Ne6 19.Bh4 Bd8 20.Kh1 g6 21.Nh6+ Kg7 22.Qh3 Nh5
23.f5 Bxh4 24.Qxh4 Qd8 25.Qh3 Nef4 26.Qg3 Kxh6  0-1

[Event "DSV-Turnier"]
[Site "Leipzig"]
[Date "1980.??.??"]
[Round "4"]
[White "Suetin, Alexey S"]
[Black "Hesse, Peter"]
[Result "1-0"]
[WhiteElo "2500"]
[BlackElo "2440"]

1.e4 d6 2.d4 Nf6 3.Nc3 e5 4.Nf3 Nbd7 5.Bc4 Be7 6.O-O O-O 7.Qe2 c6 8.a4 Qc7
9.a5 Rb8 10.Ba2 b5 11.axb6 axb6 12.d5 b5 13.dxc6 Qxc6 14.Bg5 Bd8 15.Rfd1 h6
16.Bxf6 Nxf6 17.Nd5 Nxd5 18.Bxd5 Qc5 19.Ne1 b4 20.Nd3 Qb5 21.b3 Be6 22.Ra4 Bb6
23.Rxb4 Qa5 24.Ra4 Qb5 25.Nc1 Qxe2 26.Nxe2 Bd7 27.Ra2 Bg4 28.Kf1 Bxe2+ 29.Kxe2 Rfd8
30.Rf1 g5 31.g3 Kg7 32.f4 exf4 33.gxf4 f6 34.Kd3 Rd7 35.c3 Rc7 36.b4 Ra7
37.Rxa7+ Bxa7 38.e5 gxf4 39.exd6 Rd8 40.Rxf4 h5 41.Rf5 Rxd6 42.Kc4 h4 43.Rf4 Be3
44.Rxh4 f5 45.Rh5 f4 46.Re5 Rh6 47.Kb5 Rxh2 48.c4 Kf6 49.Re4 Rh8 50.c5 Bd2
51.Re6+ Kf5 52.Re7 Rb8+ 53.Rb7 Rxb7+ 54.Bxb7 Ke6 55.Kc4 f3 56.Bxf3 Kd7 57.b5 Be3
58.b6 Bf4 59.c6+  1-0

[Event "Pernik"]
[Site "Pernik"]
[Date "1981.??.??"]
[Round "9"]
[White "Makropoulos, Georgios"]
[Black "Tseitlin, Mikhail S"]
[Result "1-0"]
[WhiteElo "2485"]
[BlackElo "2505"]

1.e4 d6 2.d4 Nf6 3.Nc3 c6 4.Bg5 Nbd7 5.Qd2 e5 6.O-O-O h6 7.Bxf6 Qxf6 8.Nf3 g5
9.dxe5 dxe5 10.Nb5 Kd8 11.Qa5+ b6 12.Qc3 cxb5 13.Bxb5 Bd6 14.Qc6 Ke7 15.Qxa8 g4
16.Nd2 Bb8 17.Nc4 Qxf2 18.Rhf1 Qc5 19.Bxd7 Bxd7 20.Rxd7+ Kxd7 21.Qb7+ Bc7
22.Rxf7+ Ke6 23.Qxc7 Qg1+ 24.Kd2 Qd4+ 25.Ke2 Re8 26.Ne3 Qa4 27.Qxa7 Qc6 28.c4  1-0